Discovering freshwater fish

Bibliographic Details
Main Author: Brewster, Bernice
Format: Book
Published: England : Wayland , 1987
Series:Discovering nature
Subjects:

MARC

LEADER 00000cam a2200000 7i4500
001 0000002066
002 000002257
005 20081205.0
020 |a 1852100621 
090 0 0 |a 508   |b BRE 
100 0 |a Brewster, Bernice 
245 1 0 |a Discovering freshwater fish   |c Bernice Brewster 
260 |a England :   |b Wayland ,   |c 1987 
300 |a 46p. :   |b ill ;   |c 21cm. 
490 0 |a Discovering nature 
650 0 0 |a Fishes, Freshwater   |x Juvenile Literture 
999 |a 033671   |b BUKU   |c JUNIOR BOOKS   |e PERPUSTAKAAN KOMUNITI CAW KOTA DAMANSARA